000 00815nam a2200253 a 4500
003 DO-SdBNP
005 20220404110935.0
007 ta
008 220404e2013 dr ||||gr|||| 001 pdspa d
020 _a9789945492118
040 _aDO-SdBNP
_bspa
_cBNPHU
082 4 _222
_bQ7l
245 1 3 _aEl Libro de los olvidos :
_bantología poética /
_cAlfonso Quiñones Machado.
260 _aSanto Domingo :
_bNacional,
_c2012.
300 _a346 p. ;
_c23 cm.
490 _aAntologías
500 _aIncluye datos biográficos del autor en las solapas de las cubiertas.
590 _aInventariado 2022 / MF
650 4 _934240
_aPoesía Dominicana
_xAntologías Literarias
650 4 _923215
_aRepública Dominicana
_xAntologías Literarias
830 _aAntologías
_99677
910 _aMFeliz
942 _2ddc
_cLBS1
999 _c51451
_d51451